European Geography By Letter - Q - Statistics

General Stats
  • This quiz has been taken 241 times
    197 since last reset
  • The average score is 6 of 16
Answer Stats
Clue Answer % Correct
Municipality in Horta Oest, Valencia {Quart} de Poblet
78%
Mineral used to make tools and jewelry in ancient Europe Quartz
73%
Savoury tart filled with egg and cheese that originated in France Quiche
69%
Small bird widespread in Europe, favoured in cooking Quail
64%
Type of wetland also known as mire Quagmire
60%
Area in London, QPR comes from here Queen's Park
53%
Norway claims this territory in Antarctica {Queen} {Maud} Land
37%
Breton city known for pottery Quimper
33%
Commune in Aisne department, France, named after a martyr Saint-{Quentin}
28%
Ward of Madrid that shares its name with a Mexican state Quintana
22%
Official residence of the Italian president Quirinal
19%
Home of the Black Dyke Mills Queensbury
12%
Third-biggest city in Sardinia {Quartu} Sant'Elena
10%
City near Lisbon, home of a national palace Queluz
9%
Western Birmingham suburb Quinton
9%
Name of Roman citizens in peacetime functions Quirites
4%
No matching quizzes found
Score Distribution
Percent of People with Each Score
Percentile by Number Answered
Your Score History
You have not taken this quiz since the last reset